|
|
|
|
| LEADER |
00000nab a2200000 a 4500 |
| 001 |
vtls001497614 |
| 003 |
SK-MaSNL |
| 005 |
20260304170117.0 |
| 008 |
250505s1995 xo 000 0 slo |
| 035 |
|
|
|a SPKCL442
|
| 035 |
|
|
|a urn:nbn:sk:snk-ab77mt
|
| 035 |
|
|
|a (uuid)15cfeac7-bec4-48f6-84f6-9eca89ca4717
|
| 035 |
|
|
|a (urnnbn)urn:nbn:sk:snk:ar-a073uh
|
| 035 |
|
|
|a (sysno)vtls001497614
|
| 040 |
|
|
|a SNKBUCL
|b slo
|c SNKBUCL
|e AACR2
|
| 041 |
0 |
|
|a slo
|
| 044 |
|
|
|a xo
|c SK
|
| 080 |
|
|
|a 373.24:[37.01:504.03]
|2 1981
|
| 080 |
|
|
|a 37
|2 1981
|
| 100 |
1 |
|
|a Holotňáková, Daniela
|4 aut
|9 810913
|
| 245 |
1 |
0 |
|a Uplatňovanie prvkov environmentálnej výchovy v materskej škole
|c Daniela Holotňáková
|
| 650 |
0 |
7 |
|a environmentálna výchova a vzdelávanie
|2 snkbucl
|9 67556
|
| 650 |
0 |
7 |
|a materské školy
|2 snkbucl
|9 1278
|
| 773 |
0 |
|
|t Pedagogické spektrum
|g Roč. 4, č. 11/12 (1995) s. 73-77
|
| 850 |
|
|
|a Slovenská národná knižnica
|
| 852 |
|
|
|a Slovenská národná knižnica
|
| 954 |
|
|
|a odborná, vedecká literatúra pôvodná (slovenská)
|2 lita
|
| 958 |
|
|
|a article27
|
| 958 |
|
|
|a OND
|
| 958 |
|
|
|a EUIPO
|
| 999 |
|
|
|c 2987113
|d 2989043
|